ARRUPE JESUIT UNIVERSITY

CORONAVIRUS -STOP THE SPREAD - CLEAN,DISINFECT,COVER

Initiation a la Philosophie De S. Thomas D'Aquin (Record no. 50098)

MARC details
000 -LEADER
fixed length control field 00488nam a2200205Ia 4500
003 - CONTROL NUMBER IDENTIFIER
control field 0100
008 - FIXED-LENGTH DATA ELEMENTS--GENERAL INFORMATION
fixed length control field 130303s9999 xx 000 0 und d
040 ## - CATALOGING SOURCE
Transcribing agency ARRUPELIB
050 ## - LIBRARY OF CONGRESS CALL NUMBER
Classification number B765.T54G314 1957
300 ## - PHYSICAL DESCRIPTION
Other physical details 20cm.
100 ## - MAIN ENTRY--PERSONAL NAME
Personal name Gardeil, H. D. o. p
245 ## - TITLE STATEMENT
Title Initiation a la Philosophie De S. Thomas D'Aquin
245 ## - TITLE STATEMENT
Remainder of title Psychologie
250 ## - EDITION STATEMENT
Edition statement (3rd ed.)
260 ## - PUBLICATION, DISTRIBUTION, ETC. (IMPRINT)
Place of publication, distribution, etc Paris
260 ## - PUBLICATION, DISTRIBUTION, ETC. (IMPRINT)
Name of publisher, distributor, etc Les â•”ditions Du Cerf
260 ## - PUBLICATION, DISTRIBUTION, ETC. (IMPRINT)
-- 1957
300 ## - PHYSICAL DESCRIPTION
Extent 251p.
942 00 - ADDED ENTRY ELEMENTS (KOHA)
Koha issues (borrowed), all copies 1
Holdings
Withdrawn status Lost status Source of classification or shelving scheme Damaged status Not for loan Collection code Home library Current library Shelving location Date acquired Total Checkouts Full call number Barcode Date last seen Copy number Price effective from Koha item type Date checked out
    Library of Congress Classification     Main Collection ARRUPE LIBRARY ARRUPE LIBRARY   04/03/2013   B765.T54G314 1957 46003006817 11/10/2017 1 04/03/2013 Monograph ( Printed materials)  
    Library of Congress Classification     Main Collection ARRUPE LIBRARY ARRUPE LIBRARY   04/03/2013 1 B765.T54G314 1957 46003008124 11/10/2017 2 04/03/2013 Monograph ( Printed materials) 27/08/2013
    Library of Congress Classification     Main Collection ARRUPE LIBRARY ARRUPE LIBRARY   04/03/2013   B765.T54G314 1957 46003071339 11/10/2017 3 04/03/2013 Monograph ( Printed materials)  

 

Arrupe Library. PO Box MP320 Mt Pleasant, Harare, Zimbabwe
263 242 745411|librarian@aju.ac.zw